Juan Bosch y la canonización de la narrativa dominicana / (Registro nro. 13568)

Detalles MARC
000 -CABECERA
campo de control de longitud fija 01735nam a2200409 a 4500
001 - NÚMERO DE CONTROL
campo de control
003 - IDENTIFICADOR DEL NÚMERO DE CONTROL
campo de control DO-SdBPM
005 - FECHA Y HORA DE LA ÚLTIMA TRANSACCIÓN
campo de control 20250623124536.0
007 - CAMPO FIJO DE DESCRIPCIÓN FÍSICA--INFORMACIÓN GENERAL
campo de control de longitud fija ta
008 - DATOS DE LONGITUD FIJA--INFORMACIÓN GENERAL
campo de control de longitud fija 090709s2009 dr 001 0dspa d
020 ## - NÚMERO INTERNACIONAL ESTÁNDAR DEL LIBRO
Número Internacional Estándar del Libro 9945412191
040 ## - FUENTE DE LA CATALOGACIÓN
Centro catalogador/agencia de origen DO-SdBPM
Lengua de catalogación spa
Centro/agencia transcriptor BPMSU
Normas de descripción rda
049 ## - FONDOS LOCALES (OCLC)
Fondos de biblioteca
082 ## - NÚMERO DE LA CLASIFICACIÓN DECIMAL DEWEY
Número de clasificación RD863.4409
Número de documento/Ítem B742p 2008
Número de edición 22
092 ## - ASIGNACIÓN LOCAL DE SIGNATURA TOPOGRÁFICA DEWEY (OCLC)
Número de clasificación
100 1# - ENTRADA PRINCIPAL--NOMBRE DE PERSONA
Nombre de persona Pichardo Niño, Coronada,
Fechas asociadas al nombre 1970-
245 10 - MENCIÓN DE TÍTULO
Título Juan Bosch y la canonización de la narrativa dominicana /
Mención de responsabilidad, etc. Coronada Pichardo Niño ; prólogo Bruno Rosario Candelier ; edición Aida E. Montero M.
260 ## - PUBLICACIÓN, DISTRIBUCIÓN, ETC.
Fecha de publicación, distribución, etc.
264 ## - PRODUCCIÓN, PUBLICACIÓN, DISTRIBUCIÓN, FABRICACIÓN Y COPYRIGHT
Producción, publicación, distribución, fabricación y copyright Santo Domingo :
Nombre del de productor, editor, distribuidor, fabricante Fundación Global Democracia y Desarrollo :
-- Fundación Juan Bosch,
Fecha de producción, publicación, distribución, fabricación o copyright 2008
300 ## - DESCRIPCIÓN FÍSICA
Extensión xxxii, 479 páginas . :
Otras características físicas 26 cm.
500 ## - NOTA GENERAL
Nota general Incluye datos biográfico del autora en la solapa de la cubierta
500 ## - NOTA GENERAL
Nota general Incluye referencias bibliográficas y notas al pie de las páginas
504 ## - NOTA DE BIBLIOGRAFÍA, ETC.
Nota de bibliografía, etc.
504 ## - NOTA DE BIBLIOGRAFÍA, ETC.
Nota de bibliografía, etc. Bibliografía: p.439-479.
505 0# - NOTA DE CONTENIDO CON FORMATO
Nota de contenido con formato Prólogo / Bruno Rosario Candelier -- Juan Bosch y la canonización de la narrativa dominicana -- La novela dominicana, La Mañosa, Tradición y modernidad -- La cuentistica de Juan Bosch : teoría , praxis y valor.
590 ## - NOTA LOCAL (RLIN)
Nota local Inventariado, 2025/VM
600 14 - PUNTO DE ACCESO ADICIONAL DE MATERIA--NOMBRE DE PERSONA
Nombre de persona Bosch, Juan
Fechas asociadas al nombre 1909-2001
Subdivisión general Crítica e interpretación
650 #4 - PUNTO DE ACCESO ADICIONAL DE MATERIA--TÉRMINO DE MATERIA
Término de materia o nombre geográfico como elemento de entrada Literatura dominicana
Subdivisión general Historia y crítica
650 #4 - PUNTO DE ACCESO ADICIONAL DE MATERIA--TÉRMINO DE MATERIA
Término de materia o nombre geográfico como elemento de entrada Cuentos dominicanos
Subdivisión general Historia y crítica
650 #4 - PUNTO DE ACCESO ADICIONAL DE MATERIA--TÉRMINO DE MATERIA
Término de materia o nombre geográfico como elemento de entrada Novela dominicana
Subdivisión general Historia y crítica
590 ## - NOTA LOCAL (RLIN)
Enlace (RLIN) Inventariado, 2025/VM
700 1# - PUNTO DE ACCESO ADICIONAL--NOMBRE DE PERSONA
Nombre de persona Rosario Candelier, Bruno,
Término indicativo de función/relación prólogo
700 1# - PUNTO DE ACCESO ADICIONAL--NOMBRE DE PERSONA
Nombre de persona Montero M., Aida E.,
Término indicativo de función/relación editorial
710 2# - PUNTO DE ACCESO ADICIONAL--NOMBRE DE ENTIDAD CORPORATIVA
Nombre de entidad corporativa o nombre de jurisdicción como elemento de entrada República Dominicana.
Unidad subordinada Fundación Juan Bosch
910 ## - DATOS DE OPCIÓN DEL USUARIO (OCLC)
Datos de opción del usuario VMateo V. Control de calidad. BPMSU
942 ## - ELEMENTOS DE PUNTO DE ACCESO ADICIONAL (KOHA)
Fuente del sistema de clasificación o colocación Dewey Decimal Classification
Tipo de ítem Koha Libros
Existencias
Estado de retiro Estado de pérdida Fuente del sistema de clasificación o colocación No para préstamo Código de colección Localización permanente Ubicación/localización actual Fecha de adquisición Total de préstamos Signatura topográfica completa Código de barras Fecha visto por última vez Precio válido a partir de Tipo de ítem Koha
    Dewey Decimal Classification   Colección Dominicana Biblioteca Pública Metropolitana Salomé Ureña Biblioteca Pública Metropolitana Salomé Ureña 07/15/2021   BPMSU CD RD863.4409 B742p 2008 BPMSU1070001 07/15/2021 07/15/2021 Libros